000 00635nam a22002177a 4500
999 _c6796
_d6796
003 AR-CdUCM
008 190225b ||||| |||| 00| 0 spa d
040 _aMUNICIPALIDAD PROVINCIAL DEL CUSCO
_cBIBLIOTECA MUNICIPAL DEL CUSCO
082 _a869.56 /
_bM41
100 _aMelgar, Mariano
_911021
245 _aAntología Poética /
260 _aLima :
_bUniverso,
_c1975.
300 _a136 paginas ;
_c17 cm.
440 _aColección Autores Peruanos
_n50
_919140
650 _aPerú
_935
650 _aPoesía peruana
_9806
650 _aSiglo XX
_98
700 _aCornejo Polar, Antonio
_9743
942 _2ddc
_cLIBROS
945 _araen